Premier League top goal scorers each year - Statistics

General Stats
  • This quiz has been taken 26 times
  • The average score is 22 of 32
Answer Stats
Hint Answer # of Goals % Correct
2007-2008 Cristiano Ronaldo 31
91%
2023-2024 Erling Haaland 27
91%
2022-2023 Erling Haaland 36
91%
2017-2018 Mohamed Salah 32
91%
2018-2019 Mohamed Salah | Sadio Mane | Aubameyang 22
91%
2021-2022 Mohamed Salah | Son Heung-min 23
91%
2020-2021 Harry Kane 23
87%
2016-2017 Harry Kane 29
87%
2015-2016 Harry Kane 25
87%
1996-1997 Alan Shearer 25
83%
1995-1996 Alan Shearer 31
83%
1994-1995 Alan Shearer 34
83%
2009-2010 Didier Drogba 29
83%
2006-2007 Didier Drogba 20
83%
2013-2014 Luis Suarez 31
74%
2014-2015 Sergio Aguero 26
74%
2005-2006 Thierry Henry 27
70%
2004-2005 Thierry Henry 25
70%
2003-2004 Thierry Henry 30
70%
2001-2002 Thierry Henry 24
70%
1993-1994 Andy Cole 34
65%
2012-2013 Robin Van Persie 26
65%
2011-2012 Robin Van Persie 30
65%
2010-2011 Dimitar Berbatov | Carlos Tevez 20
61%
2019-2020 Jamie Vardy 23
61%
2002-2003 Ruud Van Nistelrooy 25
61%
1998-1999 Jimmy Floyd Hasselkaink | Micheal Owen | Dwight Yorke 18
48%
1992-1993 Teddy Sheringham 22
48%
1999-2000 Kevin Phillips 30
43%
1997-1998 Dion Dublin | Micheal Owen | Chris Sutton 18
26%
2000-2001 Jimmy Floyd Hasselbaink 23
17%
2008-2009 Nicholas Anelka 19
4%
No matching quizzes found
Score Distribution
Percent of People with Each Score
Percentile by Number Answered
Your Score History
You have not taken this quiz